<?xml version="1.0" encoding="UTF-8"?>
<record
    xmlns:xsi="http://www.w3.org/2001/XMLSchema-instance"
    xsi:schemaLocation="http://www.loc.gov/MARC21/slim http://www.loc.gov/standards/marcxml/schema/MARC21slim.xsd"
    xmlns="http://www.loc.gov/MARC21/slim">

  <leader>01167cam a2200229   4500500</leader>
  <controlfield tag="005">20260322010146.0</controlfield>
  <datafield tag="041" ind1=" " ind2=" ">
    <subfield code="a">fre</subfield>
  </datafield>
  <datafield tag="042" ind1=" " ind2=" ">
    <subfield code="a">dc</subfield>
  </datafield>
  <datafield tag="100" ind1="1" ind2="0">
    <subfield code="a">Bousquet-Jacq, Nathalie</subfield>
    <subfield code="e">author</subfield>
  </datafield>
  <datafield tag="700" ind1="1" ind2="0">
    <subfield code="a">Courtabessis, &#xC9;lodie</subfield>
    <subfield code="e">author</subfield>
  </datafield>
  <datafield tag="245" ind1="0" ind2="0">
    <subfield code="a">Utilisation de la Preschool Autism Communication Therapy en camsp</subfield>
  </datafield>
  <datafield tag="260" ind1=" " ind2=" ">
    <subfield code="c">2026.
							</subfield>
  </datafield>
  <datafield tag="500" ind1=" " ind2=" ">
    <subfield code="a">62</subfield>
  </datafield>
  <datafield tag="520" ind1=" " ind2=" ">
    <subfield code="a">La Preschool Autism Communication Therapy (pact) est un mod&#xE8;le d&#x2019;intervention aupr&#xE8;s des parents, bas&#xE9;e sur de la guidance parentale par vid&#xE9;o feedback. Il est destin&#xE9; aux enfants porteurs de troubles du spectre de l&#x2019;autisme diagnostiqu&#xE9;s. Il s&#x2019;agit de permettre au parent et &#xE0; l&#x2019;enfant de mieux communiquer gr&#xE2;ce &#xE0; la valorisation et au renforcement des comp&#xE9;tences parentales. Nous pr&#xE9;sentons le contenu et l&#x2019;int&#xE9;r&#xEA;t de ce programme ainsi que des exemples de son utilisation en camsp.</subfield>
  </datafield>
  <datafield tag="690" ind1=" " ind2=" ">
    <subfield code="a">Camsp</subfield>
  </datafield>
  <datafield tag="690" ind1=" " ind2=" ">
    <subfield code="a">comp&#xE9;tences</subfield>
  </datafield>
  <datafield tag="690" ind1=" " ind2=" ">
    <subfield code="a">Pact</subfield>
  </datafield>
  <datafield tag="690" ind1=" " ind2=" ">
    <subfield code="a">parents</subfield>
  </datafield>
  <datafield tag="690" ind1=" " ind2=" ">
    <subfield code="a">Tsa</subfield>
  </datafield>
  <datafield tag="786" ind1="0" ind2=" ">
    <subfield code="n">Contraste | 63 | 1 | 2026-02-16 | p. 173-187 | 1254-7689</subfield>
  </datafield>
  <datafield tag="856" ind1="4" ind2="1">
    <subfield code="u">https://shs.cairn.info/revue-contraste-2026-1-page-173?lang=fr&amp;redirect-ssocas=7080</subfield>
  </datafield>
  <datafield tag="999" ind1=" " ind2=" ">
    <subfield code="c">1754388</subfield>
    <subfield code="d">1754388</subfield>
  </datafield>
</record>
